Movies Quiz

Random Movies or Oscar Quiz

Oscar, starting with R Quiz Stats

Quiz not verified by Sporcle

Challenge
Share
Tweet
Embed
Score 0/18 Timer 03:00
0 Plays Today
Category Person % Correct
Oscar winning Actress (leading role)Julia Roberts
99.4%
Oscar winning Actors (leading role)Eddie Redmayne
86.2%
Oscar winning Actors (supporting role)Tim Robbins
81.4%
Oscar winning DirectorsJerome Robbins
81.4%
Oscar winning DirectorsRobert Redford
81.4%
Oscar winning Actors (leading role)Geoffrey Rush
80.8%
Oscar winning Actors (supporting role)Jason Robards
62.9%
Oscar winning Actors (leading role)Cliff Robertson
56.3%
Oscar winning Actress (supporting role)Vanessa Redgrave
52.1%
Category Person % Correct
Oscar winning Actress (supporting role)Donna Reed
49.1%
Oscar winning Actress (supporting role)Mercedes Ruehl
49.1%
Oscar winning DirectorsCarol Reed
49.1%
Oscar winning Actress (leading role)Luise Rainer
47.9%
Oscar winning Actress (leading role)Ginger Rogers
46.7%
Oscar winning DirectorsTony Richardson
32.9%
Oscar winning Actors (supporting role)Harold Russell
32.3%
Oscar winning Actress (supporting role)Margaret Rutherford
16.2%
Oscar winning Actress (supporting role)Anne Revere
14.4%

You're not logged in!

Compare scores with friends on all Sporcle quizzes.
Join for Free
OR
Log In

You Might Also Like...

Show Comments

Extras

Top Quizzes Today


Score Distribution

Your Account Isn't Verified!

In order to create a playlist on Sporcle, you need to verify the email address you used during registration. Go to your Sporcle Settings to finish the process.

Report this User

Report this user for behavior that violates our Community Guidelines.

Details: